Vyrovnanie a reštrukturalizácia ako nelikvidačné spôsoby riešenia úpadku dlžníka
Pojem konkurzné právo. História konkurzného práva a slovenského konkurzného práva. Pojem vyrovnanie. Podstata reštrukturalizácie.
Na minha lista:
| Autor principal: | |
|---|---|
| Formato: | Capítulo de Livro |
| Idioma: | eslovaco |
| Assuntos: | |
| Tags: |
Sem tags, seja o primeiro a adicionar uma tag!
|
MARC
| LEADER | 00000naa a2200000 4500 | ||
|---|---|---|---|
| 001 | 0163815 | ||
| 005 | 20240522084104.7 | ||
| 041 | 0 | |a slo | |
| 044 | |a SK | ||
| 245 | 1 | 0 | |a Vyrovnanie a reštrukturalizácia ako nelikvidačné spôsoby riešenia úpadku dlžníka |c Mária Veterníková |
| 520 | |a Pojem konkurzné právo. História konkurzného práva a slovenského konkurzného práva. Pojem vyrovnanie. Podstata reštrukturalizácie. | ||
| 610 | 2 | 0 | |a reštrukturalizácia |
| 610 | 2 | 0 | |a likvidácia |
| 610 | 2 | 0 | |a Slovensko |
| 610 | 2 | 0 | |a bankrot |
| 610 | 2 | 0 | |a dlžníci |
| 610 | 2 | 0 | |a úpadok podniku |
| 610 | 2 | 0 | |a história |
| 610 | 2 | 0 | |a právo obchodné |
| 100 | 1 | |a Veterníková, Mária, 1964- | |